000 00544nam a2200193Ia 4500
003 OSt
005 20220812093448.0
008 220812b |||||||| |||| 00| 0 eng d
020 _a0 273 68127 3
040 _cIFM Library
082 _a338.04
100 _aDavidson, Andrew
_93336
245 _aSmart Luck and the Seven other Qualities of Great Entrepreneurs
260 _aLondon:
_bPearson/Prentice Hall.
_c2004
300 _a240p.:
_bill.; 19cm.
500 _aIncludes References
650 _aEntrepreneurship
_93337
942 _cBK
_2ddc
_n0
999 _c8249
_d8249